[Event "Eastern Asia-ch U10 Girls"]
[Site "Tornelo INT"]
[Date "2021.10.23"]
[Round "4"]
[White "Nguyen, Hong Ha My"]
[Black "Anjana, A."]
[Result "1-0"]
[WhiteElo "1092"]
[BlackElo "1027"]
[PlyCount "121"]
[EventDate "2021.10.22"]
[EventType "swiss"]
[EventRounds "9"]
[EventCountry "NET"]
[SourceTitle "EXT 2023"]
[Source "ChessBase"]
[SourceDate "2022.10.05"]
[SourceVersion "1"]
[SourceVersionDate "2022.10.05"]
[SourceQuality "1"]

1. e4 d5 2. exd5 Qxd5 3. Nc3 Qa5 4. d4 Nf6 5. Nf3 Bf5 6. Bc4 c6 7. 0-0 e6 8. Re1 Bd6 9. d5 cxd5 10. Nxd5 Nxd5 11. Bxd5 Qc7 12. Nd4 Bxh2+ 13. Kh1 0-0 14. Nxf5 exf5 15. Qh5 Bd6 16. Qxf5 Nd7 17. c3 Nf6 18. Bb3 Rfe8 19. Bg5 Nh5 20. Qg4 Nf4 21. Bxf4 Bxf4 22. Qf5 Rad8 23. Rxe8+ Rxe8 24. Rd1 Bd6 25. Qd5 Bc5 26. Qd7 Qxd7 27. Rxd7 Rf8 28. Rxb7 Bxf2 29. Rd7 a5 30. Rd5 Bg3 31. Rd7 h6 32. Re7 Bd6 33. Re3 Rd8 34. Rd3 Bc7 35. Rxd8+ Bxd8 36. Kh2 Kf8 37. Kh3 f6 38. Kg4 Ke7 39. Kf5 Kf8 40. Kg6 Bc7 41. Kf5 Ke7 42. g4 Kf8 43. Ke6 Ke8 44. Ba4+ Kf8 45. Kd7 Bb6 46. c4 g6 47. Kc6 Bd8 48. c5 Ke7 49. Bc2 g5 50. Bf5 Ke8 51. Kd6 Be7+ 52. Kc6 Bd8 53. Kb7 Ke7 54. Kc8 Ke8 55. c6 Bb6 56. c7 Bc5 57. Kb7 Ke7 58. c8Q a4 59. Qe6+ Kf8 60. Bg6 Be7 61. Qf7# 1-0